Public relations hrajú vo svete financií životne dôležitú úlohu

Význam dôvery verejnosti k finančným inštitúciám. Osobitnou špecializovanou oblasťou public relations sú finančné public relations. Úspech finančných inštitúcií závisí od názorov verejnosti. Dôležitým pravidlom public relations je aktívne a systematicky informovať o všetkom dôležitom, čo by mohlo za...

ver descrição completa

Na minha lista:
Detalhes bibliográficos
Autor principal: Žáry, Ivan
Formato: Capítulo de Livro
Idioma:eslovaco
Assuntos:
Tags: Adicionar Tag
Sem tags, seja o primeiro a adicionar uma tag!

MARC

LEADER 00000naa a2200000 4500
001 r021697
005 20230921075123.3
041 0 |a slo 
044 |a SK 
245 1 0 |a Public relations hrajú vo svete financií životne dôležitú úlohu  |c Ivan Žáry 
520 |a Význam dôvery verejnosti k finančným inštitúciám. Osobitnou špecializovanou oblasťou public relations sú finančné public relations. Úspech finančných inštitúcií závisí od názorov verejnosti. Dôležitým pravidlom public relations je aktívne a systematicky informovať o všetkom dôležitom, čo by mohlo zaujímať kľúčové subjekty a skupiny. 
610 2 0 |a práca s verejnosťou 
610 2 0 |a ústavy finančné 
610 2 0 |a trh finančný 
610 2 0 |a informácie 
100 1 |a Žáry, Ivan